[Event "MCR druzstev mladsich zaku 2015"]
[Site "Hradec Kralove"]
[Date "2015.06.14"]
[Round "9.12"]
[White "Keprt (Kurim), Tomas"]
[Black "Duriancik (Policka), Michal"]
[Result "1-0"]
[BlackElo "1282"]
[WhiteElo "1262"]
[LiveChessVersion "1.4.4"]

1. e4 {[%clk 0:25:17]} e5 {[%clk 0:25:19]} 2. Nf3 {[%clk 0:25:20]} Nc6
{[%clk 0:25:27]} 3. d4 {[%clk 0:25:23]} exd4 {[%clk 0:25:26]} 4. Nxd4
{[%clk 0:25:27]} Bc5 {[%clk 0:25:06]} 5. Be3 {[%clk 0:25:17]} Nxd4
{[%clk 0:24:42]} 6. Bxd4 {[%clk 0:25:16]} Bb6 {[%clk 0:24:12]} 7. Bxg7
{[%clk 0:25:10]} Nf6 {[%clk 0:23:28]} 8. Bxh8 {[%clk 0:24:56]} d6
{[%clk 0:21:37]} 9. Bd3 {[%clk 0:24:10]} Be6 {[%clk 0:19:39]} 10. Bxf6
{[%clk 0:22:15]} Qxf6 {[%clk 0:19:35]} 11. O-O {[%clk 0:22:12]} Qxb2
{[%clk 0:18:57]} 12. Nd2 {[%clk 0:21:50]} O-O-O {[%clk 0:16:38]} 13. Bc4
{[%clk 0:21:31]} Bxc4 {[%clk 0:15:27]} 14. Nxc4 {[%clk 0:21:22]} Qb4
{[%clk 0:14:14]} 15. Nxb6+ {[%clk 0:21:21]} Qxb6 {[%clk 0:13:55]} 16. Qd5
{[%clk 0:20:39]} Rf8 {[%clk 0:10:57]} 17. Rab1 {[%clk 0:20:21]} Qa6
{[%clk 0:09:54]} 18. Rb2 {[%clk 0:20:01]} Qc6 {[%clk 0:06:51]} 19. Qxc6
{[%clk 0:20:08]} bxc6 {[%clk 0:06:55]} 20. Rfb1 {[%clk 0:20:13]} Kd7
{[%clk 0:06:08]} 21. Rb8 {[%clk 0:20:17]} Rc8 {[%clk 0:04:46]} 22. Rxc8
{[%clk 0:20:24]} Kxc8 {[%clk 0:04:54]} 23. Re1 {[%clk 0:20:19]} f6
{[%clk 0:04:43]} 24. f4 {[%clk 0:20:26]} Kd7 {[%clk 0:04:27]} 25. e5 dxe5
{[%clk 0:03:59]} 26. fxe5 {[%clk 0:20:42]} fxe5 {[%clk 0:04:01]} 27. Rxe5
{[%clk 0:20:50]} Kd6 {[%clk 0:03:48]} 28. Rh5 {[%clk 0:20:54]} c5
{[%clk 0:03:38]} 29. Kf2 {[%clk 0:21:03]} a5 {[%clk 0:03:40]} 30. Ke3
{[%clk 0:21:09]} c6 {[%clk 0:03:35]} 31. Kd3 {[%clk 0:21:14]} a4 {[%clk 0:03:38]}
32. Kc4 {[%clk 0:21:23]} a3 {[%clk 0:03:27]} 33. Rxc5 {[%clk 0:21:30]} h6
{[%clk 0:03:23]} 34. Rh5 {[%clk 0:21:34]} Kc7 {[%clk 0:03:13]} 35. Kc5
{[%clk 0:21:40]} Kb7 {[%clk 0:03:10]} 36. Rxh6 {[%clk 0:21:48]} Kc7
{[%clk 0:03:16]} 37. Rh7+ {[%clk 0:21:52]} Kc8 {[%clk 0:03:19]} 38. Kxc6
{[%clk 0:21:53]} Kd8 {[%clk 0:03:23]} 39. Ra7 {[%clk 0:21:59]} Ke8
{[%clk 0:03:31]} 40. Kd6 {[%clk 0:22:08]} Kf8 {[%clk 0:03:40]} 41. Ke6
{[%clk 0:22:17]} Kg8 {[%clk 0:03:49]} 42. Kf6 {[%clk 0:22:26]} Kh8
{[%clk 0:03:58]} 43. Kg6 {[%clk 0:22:33]} 1-0

[Event "MCR druzstev mladsich zaku 2015"]
[Site "Hradec Kralove"]
[Date "2015.06.14"]
[Round "9.13"]
[White "Koci (Loko Brno), Tomas"]
[Black "Vorisek (Vlasim), Jakub"]
[Result "0-1"]
[BlackElo "1840"]
[WhiteElo "1340"]
[LiveChessVersion "1.4.4"]

1. d4 {[%clk 0:25:19]} d5 {[%clk 0:25:15]} 2. Nf3 {[%clk 0:25:28]} Nc6
{[%clk 0:24:31]} 3. e3 {[%clk 0:25:19]} Bg4 {[%clk 0:23:35]} 4. h3
{[%clk 0:25:28]} Bxf3 {[%clk 0:21:54]} 5. gxf3 {[%clk 0:22:35]} a6
{[%clk 0:19:34]} 6. Bg2 {[%clk 0:22:35]} e6 {[%clk 0:16:57]} 7. O-O
{[%clk 0:21:36]} Qd7 {[%clk 0:16:23]} 8. a3 {[%clk 0:20:16]} Nge7
{[%clk 0:13:00]} 9. Nd2 {[%clk 0:19:51]} Ng6 {[%clk 0:12:57]} 10. f4
{[%clk 0:18:41]} f5 {[%clk 0:11:17]} 11. Nf3 {[%clk 0:18:40]} O-O-O
{[%clk 0:11:00]} 12. Bd2 {[%clk 0:18:25]} Be7 {[%clk 0:10:49]} 13. Qe2
{[%clk 0:17:29]} Rdg8 {[%clk 0:09:49]} 14. b4 {[%clk 0:17:27]} Nh4
{[%clk 0:09:18]} 15. Nxh4 {[%clk 0:17:12]} Bxh4 {[%clk 0:09:27]} 16. b5
{[%clk 0:17:18]} Nb8 {[%clk 0:09:05]} 17. bxa6 {[%clk 0:16:02]} Nxa6
{[%clk 0:09:14]} 18. c4 {[%clk 0:16:08]} g5 {[%clk 0:09:11]} 19. cxd5 exd5
{[%clk 0:09:14]} 20. Rab1 {[%clk 0:14:34]} g4 {[%clk 0:08:34]} 21. hxg4
{[%clk 0:13:05]} Rxg4 {[%clk 0:08:41]} 22. f3 {[%clk 0:10:32]} Rg6
{[%clk 0:07:48]} 23. Be1 {[%clk 0:07:51]} Be7 {[%clk 0:06:56]} 24. Bb4
{[%clk 0:07:56]} Bh4 {[%clk 0:06:41]} 25. Be1 {[%clk 0:08:04]} Bf6
{[%clk 0:06:46]} 26. Bc3 {[%clk 0:07:43]} Rhg8 {[%clk 0:06:49]} 27. Rf2
{[%clk 0:07:52]} Bh4 {[%clk 0:06:52]} 28. Rff1 {[%clk 0:06:16]} Rxg2+
{[%clk 0:06:40]} 29. Qxg2 {[%clk 0:06:25]} Rxg2+ {[%clk 0:06:49]} 30. Kxg2
{[%clk 0:06:33]} Qg7+ {[%clk 0:06:46]} 31. Kh1 {[%clk 0:06:06]} Bg3
{[%clk 0:06:39]} 32. Rb2 {[%clk 0:04:29]} h5 {[%clk 0:06:11]} 33. Rg1
{[%clk 0:03:59]} h4 {[%clk 0:06:12]} 34. Be1 {[%clk 0:03:37]} Qh7
{[%clk 0:06:07]} 35. Re2 {[%clk 0:02:17]} Bxe1 {[%clk 0:05:10]} 36. Rexe1
{[%clk 0:01:58]} Nb8 {[%clk 0:03:42]} 37. Rg5 {[%clk 0:01:15]} Nc6
{[%clk 0:02:41]} 38. Reg1 {[%clk 0:01:21]} b6 {[%clk 0:02:45]} 39. Rg7
{[%clk 0:01:22]} Qh5 {[%clk 0:02:35]} 40. Rf1 {[%clk 0:00:35]} Qe8
{[%clk 0:02:42]} 41. Rfg1 {[%clk 0:00:40]} Qxe3 {[%clk 0:02:47]} 42. Rg8+
{[%clk 0:00:48]} Kb7 {[%clk 0:02:56]} 43. Kg2 {[%clk 0:00:36]} Qe2+
{[%clk 0:03:00]} 44. Kh3 {[%clk 0:00:43]} Qxf3+ {[%clk 0:03:07]} 45. Kxh4
{[%clk 0:00:52]} Qxf4+ {[%clk 0:03:13]} 46. Kh3 {[%clk 0:00:34]} Qxd4 0-1

[Event "MCR druzstev mladsich zaku 2015"]
[Site "Hradec Kralove"]
[Date "2015.06.14"]
[Round "9.14"]
[White "Skypala (Vlasim), Ondrej"]
[Black "Glozar (Loko Brno), Petr"]
[Result "1/2-1/2"]
[BlackElo "1522"]
[WhiteElo "1685"]
[LiveChessVersion "1.4.4"]

1. e4 {[%clk 0:25:19]} c5 {[%clk 0:25:17]} 2. f4 {[%clk 0:25:25]} Nc6
{[%clk 0:25:13]} 3. Nf3 {[%clk 0:25:32]} g6 {[%clk 0:25:05]} 4. d4
{[%clk 0:25:37]} cxd4 {[%clk 0:25:05]} 5. Nxd4 {[%clk 0:25:41]} Bg7
{[%clk 0:24:55]} 6. Nxc6 {[%clk 0:25:46]} bxc6 {[%clk 0:24:59]} 7. c3
{[%clk 0:24:37]} Nf6 {[%clk 0:24:09]} 8. e5 {[%clk 0:24:24]} Nd5 {[%clk 0:23:35]}
9. c4 {[%clk 0:24:18]} Nb6 {[%clk 0:23:13]} 10. Nc3 {[%clk 0:24:23]} Ba6
{[%clk 0:21:20]} 11. c5 {[%clk 0:22:17]} Bxf1 {[%clk 0:21:14]} 12. Rxf1
{[%clk 0:21:57]} Nc8 13. Kf2 O-O {[%clk 0:18:40]} 14. Kg1 {[%clk 0:22:02]} d6 15.
exd6 {[%clk 0:21:44]} exd6 {[%clk 0:17:58]} 16. cxd6 {[%clk 0:21:34]} Nxd6
{[%clk 0:17:10]} 17. Qc2 {[%clk 0:19:41]} Qb6+ {[%clk 0:16:01]} 18. Kh1
{[%clk 0:19:42]} Rfe8 {[%clk 0:14:27]} 19. Bd2 {[%clk 0:18:38]} Nc4
{[%clk 0:11:27]} 20. Rab1 {[%clk 0:17:18]} Nxd2 {[%clk 0:10:08]} 21. Qxd2
{[%clk 0:17:04]} Rad8 {[%clk 0:09:15]} 22. Qc2 {[%clk 0:17:06]} Qa6
{[%clk 0:05:16]} 23. a3 {[%clk 0:15:51]} Re7 {[%clk 0:02:56]} 24. Rfe1
{[%clk 0:14:46]} Red7 {[%clk 0:01:06]} 25. Rbd1 {[%clk 0:09:20]} Rxd1
{[%clk 0:01:03]} 26. Rxd1 {[%clk 0:09:05]} Rxd1+ {[%clk 0:01:07]} 27. Qxd1
{[%clk 0:09:13]} Bxc3 {[%clk 0:01:03]} 28. bxc3 {[%clk 0:09:20]} Qxa3
{[%clk 0:00:59]} 29. Qd8+ {[%clk 0:09:19]} Kg7 {[%clk 0:00:55]} 30. Qd4+
{[%clk 0:09:23]} Kh6 {[%clk 0:00:44]} 31. h3 {[%clk 0:09:28]} Qc1+
{[%clk 0:00:36]} 32. Kh2 {[%clk 0:09:38]} Qf1 {[%clk 0:00:27]} 33. Qf6
{[%clk 0:09:21]} Qf2 {[%clk 0:00:17]} 34. Qxf7 {[%clk 0:09:16]} a5
{[%clk 0:00:11]} 35. Qf8+ {[%clk 0:09:05]} Kh5 {[%clk 0:00:19]} 36. Qf6
{[%clk 0:09:07]} Kh6 {[%clk 0:00:19]} 37. Qg5+ {[%clk 0:09:15]} Kg7
{[%clk 0:00:25]} 38. Qe7+ {[%clk 0:09:24]} Kh6 {[%clk 0:00:22]} 39. Qf6
{[%clk 0:06:16]} a4 {[%clk 0:00:21]} 40. h4 {[%clk 0:05:16]} a3 {[%clk 0:00:17]}
41. Qg5+ {[%clk 0:03:23]} Kg7 {[%clk 0:00:24]} 42. Qe7+ {[%clk 0:03:33]} Kg8
{[%clk 0:00:25]} 43. Kh3 {[%clk 0:02:56]} a2 {[%clk 0:00:19]} 44. Qe8+
{[%clk 0:02:56]} Kg7 {[%clk 0:00:25]} 45. Qe7+ {[%clk 0:03:02]} 1/2-1/2

[Event "MCR druzstev mladsich zaku 2015"]
[Site "Hradec Kralove"]
[Date "2015.06.14"]
[Round "9.15"]
[White "Kures (Loko Brno), Michael"]
[Black "Vojta (Vlasim), Jakub"]
[Result "1/2-1/2"]
[BlackElo "1748"]
[WhiteElo "1533"]
[LiveChessVersion "1.4.4"]

1. d4 {[%clk 0:25:17]} d5 {[%clk 0:25:15]} 2. c4 {[%clk 0:25:24]} Nc6
{[%clk 0:25:21]} 3. Nc3 {[%clk 0:25:23]} Nf6 {[%clk 0:25:27]} 4. Nf3
{[%clk 0:25:28]} Bf5 {[%clk 0:24:34]} 5. Bg5 {[%clk 0:25:22]} e6 {[%clk 0:24:31]}
6. e3 {[%clk 0:25:30]} Be7 {[%clk 0:24:15]} 7. Nh4 {[%clk 0:24:50]} Bg6
{[%clk 0:24:12]} 8. Nxg6 {[%clk 0:24:52]} hxg6 {[%clk 0:24:06]} 9. Qc2
{[%clk 0:24:16]} Ng4 {[%clk 0:22:51]} 10. Bxe7 {[%clk 0:23:46]} Nxe7
{[%clk 0:22:50]} 11. h3 {[%clk 0:23:37]} Rc8 {[%clk 0:22:03]} 12. Be2
{[%clk 0:23:13]} Nf6 {[%clk 0:20:36]} 13. O-O-O {[%clk 0:23:06]} c5
{[%clk 0:20:20]} 14. dxc5 {[%clk 0:21:34]} Rxc5 {[%clk 0:20:04]} 15. cxd5
{[%clk 0:21:32]} exd5 {[%clk 0:19:22]} 16. f3 {[%clk 0:20:31]} Qa5
{[%clk 0:18:54]} 17. Kb1 {[%clk 0:20:16]} O-O {[%clk 0:18:44]} 18. Qa4
{[%clk 0:20:04]} Qb6 {[%clk 0:18:12]} 19. Ka1 {[%clk 0:19:32]} Rfc8
{[%clk 0:17:40]} 20. Qd4 {[%clk 0:19:05]} Nf5 {[%clk 0:17:10]} 21. Qd3
{[%clk 0:15:42]} Qa5 {[%clk 0:16:23]} 22. Rc1 {[%clk 0:14:39]} b5
{[%clk 0:15:17]} 23. Rcd1 {[%clk 0:10:28]} b4 {[%clk 0:14:43]} 24. Nb1
{[%clk 0:10:34]} Rc2 {[%clk 0:14:25]} 25. Rhe1 {[%clk 0:10:28]} Ng3
{[%clk 0:13:10]} 26. Nd2 {[%clk 0:08:52]} R8c3 {[%clk 0:12:39]} 27. Qb5
{[%clk 0:06:54]} Qc7 {[%clk 0:12:22]} 28. Bc4 {[%clk 0:04:44]} Rxc4
{[%clk 0:12:02]} 29. Nxc4 {[%clk 0:04:44]} Qxc4 {[%clk 0:11:43]} 30. Qb8+
{[%clk 0:04:43]} Kh7 {[%clk 0:11:16]} 31. Qxg3 {[%clk 0:04:47]} b3
{[%clk 0:11:12]} 32. Qf4 {[%clk 0:04:20]} Qa6 {[%clk 0:09:03]} 33. a3
{[%clk 0:04:19]} Qc6 {[%clk 0:09:11]} 34. Rb1 {[%clk 0:04:04]} Qc5
{[%clk 0:09:10]} 35. Qa4 {[%clk 0:03:47]} Qc3 {[%clk 0:08:54]} 36. Qd4
{[%clk 0:01:57]} Qa5 {[%clk 0:08:42]} 37. Qb4 {[%clk 0:01:56]} Qxb4
{[%clk 0:08:36]} 38. axb4 {[%clk 0:02:04]} Rc4 {[%clk 0:08:45]} 39. Rbc1
{[%clk 0:02:04]} Rxb4 {[%clk 0:08:48]} 40. Rc3 {[%clk 0:02:12]} Nd7
{[%clk 0:08:38]} 41. Rd1 {[%clk 0:02:16]} Nb6 {[%clk 0:08:45]} 42. Rdd3
{[%clk 0:01:49]} Rc4 {[%clk 0:08:37]} 43. Rxb3 {[%clk 0:01:45]} Rc2
{[%clk 0:08:23]} 44. g4 {[%clk 0:01:18]} Rh2 {[%clk 0:08:28]} 45. f4
{[%clk 0:01:17]} Rxh3 {[%clk 0:08:35]} 46. g5 {[%clk 0:01:25]} f6
{[%clk 0:08:34]} 47. Ra3 {[%clk 0:01:22]} fxg5 {[%clk 0:08:36]} 48. fxg5
{[%clk 0:01:12]} Rg3 {[%clk 0:08:45]} 49. Rxa7 {[%clk 0:01:12]} Rxg5
{[%clk 0:08:53]} 50. Rb7 {[%clk 0:01:17]} Nc4 {[%clk 0:08:57]} 51. Rb5
{[%clk 0:01:22]} Kg8 {[%clk 0:08:45]} 52. Rdxd5 {[%clk 0:01:26]} Rxd5
{[%clk 0:08:54]} 53. Rxd5 {[%clk 0:01:32]} Nxe3 {[%clk 0:09:03]} 54. Rd3
{[%clk 0:01:31]} Nc4 {[%clk 0:09:07]} 55. b4 {[%clk 0:01:33]} g5 {[%clk 0:09:07]}
56. b5 {[%clk 0:01:31]} Kf7 {[%clk 0:09:08]} 57. Ka2 {[%clk 0:01:26]} g4
{[%clk 0:08:35]} 58. Rd4 {[%clk 0:01:04]} 1/2-1/2

[Event "MCR druzstev mladsich zaku 2015"]
[Site "Hradec Kralove"]
[Date "2015.06.14"]
[Round "9.16"]
[White "Pisova (Vlasim), Petra"]
[Black "Volak (Loko Brno), Simon"]
[Result "0-1"]
[BlackElo "1475"]
[WhiteElo "1470"]
[LiveChessVersion "1.4.4"]

1. e4 {[%clk 0:25:18]} c6 {[%clk 0:25:19]} 2. d4 {[%clk 0:25:11]} d5
{[%clk 0:25:27]} 3. exd5 {[%clk 0:25:00]} cxd5 {[%clk 0:25:36]} 4. Nf3
{[%clk 0:24:40]} Nf6 {[%clk 0:25:38]} 5. Be2 {[%clk 0:24:16]} Nc6
{[%clk 0:25:43]} 6. O-O {[%clk 0:24:03]} Bf5 {[%clk 0:25:48]} 7. Bf4
{[%clk 0:23:20]} e6 {[%clk 0:25:51]} 8. Nc3 {[%clk 0:22:34]} Bd6 {[%clk 0:25:51]}
9. Bg3 {[%clk 0:21:41]} Bxg3 {[%clk 0:25:46]} 10. fxg3 {[%clk 0:21:28]} O-O
{[%clk 0:25:49]} 11. Bb5 {[%clk 0:17:50]} Rc8 {[%clk 0:25:45]} 12. Bxc6
{[%clk 0:17:35]} Rxc6 {[%clk 0:25:52]} 13. Ne5 {[%clk 0:17:40]} Rc8
{[%clk 0:25:47]} 14. Rc1 {[%clk 0:17:31]} Nd7 {[%clk 0:25:39]} 15. g4
{[%clk 0:16:11]} Bg6 {[%clk 0:24:56]} 16. Qe2 {[%clk 0:14:54]} Nxe5
{[%clk 0:24:43]} 17. Qxe5 {[%clk 0:14:54]} Qc7 {[%clk 0:24:37]} 18. Rfe1
{[%clk 0:13:10]} a6 {[%clk 0:24:06]} 19. Re2 {[%clk 0:12:04]} Qxe5
{[%clk 0:24:09]} 20. Rxe5 {[%clk 0:12:08]} Rc6 {[%clk 0:24:16]} 21. Re2
{[%clk 0:12:09]} Rfc8 {[%clk 0:24:20]} 22. Rce1 {[%clk 0:11:30]} b5
{[%clk 0:24:27]} 23. Nxd5 {[%clk 0:11:20]} Kf8 {[%clk 0:23:33]} 24. Nb4
{[%clk 0:10:56]} Rc4 {[%clk 0:21:28]} 25. c3 {[%clk 0:10:56]} a5 {[%clk 0:21:21]}
26. Na6 {[%clk 0:10:33]} b4 {[%clk 0:20:49]} 27. cxb4 {[%clk 0:10:08]} axb4
{[%clk 0:20:55]} 28. Nc5 {[%clk 0:09:43]} Rxd4 {[%clk 0:19:39]} 29. Nb3
{[%clk 0:09:12]} Rxg4 {[%clk 0:19:28]} 30. a3 {[%clk 0:07:53]} bxa3
{[%clk 0:19:16]} 31. bxa3 {[%clk 0:08:01]} Ra4 {[%clk 0:19:21]} 32. Ra1
{[%clk 0:07:50]} Rca8 {[%clk 0:19:12]} 33. Rea2 {[%clk 0:07:48]} e5
{[%clk 0:18:12]} 34. Kf2 {[%clk 0:07:46]} f6 {[%clk 0:18:20]} 35. Nc5
{[%clk 0:06:20]} R4a7 {[%clk 0:17:21]} 36. a4 {[%clk 0:06:23]} Bf7
{[%clk 0:17:10]} 37. Ra3 {[%clk 0:06:26]} Ra5 {[%clk 0:15:48]} 38. Nd7+
{[%clk 0:05:47]} Ke7 {[%clk 0:15:30]} 39. Nb6 {[%clk 0:05:53]} Rb8
{[%clk 0:15:18]} 40. Rb1 {[%clk 0:05:44]} Rd8 {[%clk 0:13:55]} 41. Ke3
{[%clk 0:05:08]} Bd5 {[%clk 0:10:39]} 42. Nxd5+ {[%clk 0:04:44]} Rdxd5
{[%clk 0:10:26]} 43. Rb7+ {[%clk 0:04:48]} Rd7 {[%clk 0:10:35]} 44. Rxd7+
{[%clk 0:04:44]} Kxd7 {[%clk 0:10:45]} 45. Kd3 {[%clk 0:04:53]} Kc6
{[%clk 0:10:48]} 46. Kc4 {[%clk 0:04:59]} e4 {[%clk 0:10:33]} 47. Kb4
{[%clk 0:05:05]} Ra8 {[%clk 0:10:30]} 48. a5 {[%clk 0:05:03]} Rb8+
{[%clk 0:10:14]} 49. Ka4 {[%clk 0:05:04]} Ra8 {[%clk 0:10:09]} 50. Kb4
{[%clk 0:04:53]} f5 {[%clk 0:10:05]} 51. g3 {[%clk 0:05:02]} g5 {[%clk 0:10:14]}
52. Rc3+ {[%clk 0:05:05]} Kd6 {[%clk 0:10:10]} 53. Kb5 {[%clk 0:05:04]} f4
{[%clk 0:09:28]} 54. gxf4 {[%clk 0:04:34]} gxf4 {[%clk 0:09:35]} 55. Rc4
{[%clk 0:04:42]} e3 {[%clk 0:09:43]} 56. Rxf4 {[%clk 0:04:04]} Re8
{[%clk 0:09:49]} 57. Rf1 {[%clk 0:04:12]} e2 58. Re1 Kd5 {[%clk 0:09:02]} 59. a6
{[%clk 0:03:52]} Kd4 {[%clk 0:09:11]} 60. a7 {[%clk 0:03:30]} Kd3
{[%clk 0:09:16]} 61. Kb6 {[%clk 0:03:12]} Kd2 {[%clk 0:09:22]} 62. Rxe2+
{[%clk 0:03:16]} Kxe2 {[%clk 0:09:31]} 63. Kb7 {[%clk 0:03:24]} Kf2
{[%clk 0:09:40]} 64. a8=Q {[%clk 0:03:28]} Rxa8 {[%clk 0:09:49]} 65. Kxa8
{[%clk 0:03:36]} h5 {[%clk 0:09:57]} 66. h4 {[%clk 0:03:44]} Kg3 {[%clk 0:10:06]}
67. Kb7 {[%clk 0:03:53]} Kxh4 {[%clk 0:10:15]} 68. Kc6 {[%clk 0:03:57]} Kg3
{[%clk 0:10:23]} 69. Kd5 {[%clk 0:03:56]} h4 {[%clk 0:10:33]} 70. Ke4
{[%clk 0:04:00]} h3 {[%clk 0:10:42]} 71. Ke3 {[%clk 0:03:56]} h2 {[%clk 0:10:51]}
0-1

[Event "MCR druzstev mladsich zaku 2015"]
[Site "Hradec Kralove"]
[Date "2015.06.14"]
[Round "9.17"]
[White "Faja (Loko Brno), Vilem"]
[Black "Vopalka (Vlasim), Filip"]
[Result "1-0"]
[BlackElo "1156"]
[WhiteElo "1475"]
[LiveChessVersion "1.4.4"]

1. d4 {[%clk 0:25:19]} d5 {[%clk 0:25:18]} 2. c4 {[%clk 0:25:27]} dxc4
{[%clk 0:25:20]} 3. e3 {[%clk 0:25:35]} Nf6 {[%clk 0:25:15]} 4. Bxc4
{[%clk 0:25:43]} Nc6 {[%clk 0:25:19]} 5. Nf3 {[%clk 0:25:46]} Bg4
{[%clk 0:25:19]} 6. h3 {[%clk 0:25:48]} Bh5 {[%clk 0:25:16]} 7. Nc3
{[%clk 0:25:55]} e6 {[%clk 0:25:19]} 8. b3 {[%clk 0:25:52]} Bb4 {[%clk 0:25:16]}
9. Bb2 {[%clk 0:25:59]} O-O {[%clk 0:25:08]} 10. a3 {[%clk 0:26:06]} Bxc3+
{[%clk 0:25:08]} 11. Bxc3 {[%clk 0:26:14]} Ne4 {[%clk 0:24:55]} 12. Bb2
{[%clk 0:26:11]} a6 {[%clk 0:24:35]} 13. O-O {[%clk 0:26:13]} Qf6
{[%clk 0:24:33]} 14. Rc1 {[%clk 0:25:44]} Bxf3 {[%clk 0:23:50]} 15. Qxf3
{[%clk 0:25:50]} Qxf3 {[%clk 0:23:57]} 16. gxf3 {[%clk 0:25:57]} Ng5
{[%clk 0:23:43]} 17. f4 {[%clk 0:25:55]} Ne4 {[%clk 0:23:06]} 18. Kg2
{[%clk 0:25:51]} Rad8 {[%clk 0:22:44]} 19. f3 {[%clk 0:25:33]} Nf6
{[%clk 0:22:41]} 20. Rfd1 {[%clk 0:25:10]} Rfe8 {[%clk 0:22:28]} 21. Bxa6
{[%clk 0:25:04]} bxa6 {[%clk 0:21:39]} 22. Rxc6 {[%clk 0:25:12]} Rc8
{[%clk 0:21:46]} 23. Rxa6 {[%clk 0:25:18]} Rb8 {[%clk 0:21:39]} 24. b4
{[%clk 0:25:11]} Red8 {[%clk 0:21:36]} 25. Rc6 {[%clk 0:25:16]} Rdc8
{[%clk 0:21:38]} 26. Rdc1 {[%clk 0:25:20]} Rb7 {[%clk 0:21:34]} 27. e4
{[%clk 0:25:09]} h6 {[%clk 0:21:11]} 28. d5 {[%clk 0:24:05]} exd5
{[%clk 0:21:05]} 29. Bxf6 {[%clk 0:24:12]} gxf6 {[%clk 0:21:11]} 30. exd5
{[%clk 0:24:02]} Kg7 {[%clk 0:20:57]} 31. d6 {[%clk 0:24:08]} Ra7
{[%clk 0:20:44]} 32. R1c3 {[%clk 0:24:16]} Kf8 {[%clk 0:20:31]} 33. dxc7
{[%clk 0:24:21]} Ke7 {[%clk 0:20:29]} 34. Kf2 {[%clk 0:24:27]} Kd7
{[%clk 0:20:17]} 35. Ke3 {[%clk 0:24:29]} Ke7 {[%clk 0:20:11]} 36. b5
{[%clk 0:24:31]} Kd7 {[%clk 0:20:03]} 37. b6 {[%clk 0:24:33]} Rb7
{[%clk 0:20:10]} 38. a4 {[%clk 0:24:42]} Ke7 {[%clk 0:20:10]} 39. a5
{[%clk 0:24:49]} Kd7 {[%clk 0:17:53]} 40. a6 {[%clk 0:24:55]} Rxb6
{[%clk 0:17:28]} 41. Rxb6 {[%clk 0:25:02]} Rxc7 {[%clk 0:16:13]} 42. Rxc7+
{[%clk 0:25:10]} Kxc7 {[%clk 0:16:21]} 43. a7 {[%clk 0:25:18]} Kxb6
{[%clk 0:16:28]} 44. a8=Q {[%clk 0:25:26]} Kc5 {[%clk 0:16:32]} 45. Qb7
{[%clk 0:25:33]} Kc4 {[%clk 0:16:37]} 46. Qb6 {[%clk 0:25:48]} Kd5
{[%clk 0:16:28]} 47. Qxf6 {[%clk 0:25:48]} Kc5 {[%clk 0:16:27]} 48. Qd4+
{[%clk 0:25:56]} Kc6 {[%clk 0:16:33]} 49. Qe5 {[%clk 0:25:59]} Kd7
{[%clk 0:16:36]} 50. Qf6 {[%clk 0:26:07]} Kc7 {[%clk 0:16:41]} 51. Qxf7+
{[%clk 0:26:13]} Kc6 {[%clk 0:16:48]} 52. Qf5 {[%clk 0:26:21]} Kd6
{[%clk 0:16:54]} 53. Qe5+ {[%clk 0:26:28]} Kc6 {[%clk 0:17:00]} 54. Kd4
{[%clk 0:26:37]} Kb6 {[%clk 0:17:02]} 55. Qc5+ {[%clk 0:26:43]} Kb7
{[%clk 0:17:07]} 56. Kd5 {[%clk 0:26:51]} Ka8 {[%clk 0:17:08]} 57. Qb5
{[%clk 0:26:59]} Ka7 {[%clk 0:17:14]} 58. Kc6 {[%clk 0:27:08]} 1-0